logo

Bir Sreshtho Munshi Abdur Rouf Library
Jhenaidah Cadet College

Classroom Testing : (Record no. 1274)

MARC details
000 -LEADER
fixed length control field 00899cam a2200301 i 4500
001 - CONTROL NUMBER
JCCL Control Number 1274
003 - CONTROL NUMBER IDENTIFIER
JCCL marc code BD-JhCC
005 - DATE AND TIME OF LATEST TRANSACTION
control field 20171017171457.0
008 - FIXED-LENGTH DATA ELEMENTS--GENERAL INFORMATION
fixed length control field 800110s1979 ilua b 001 0 eng d
020 ## - INTERNATIONAL STANDARD BOOK NUMBER
International Standard Book Number 0875812449
035 ## - SYSTEM CONTROL NUMBER
system control number (BD-JhCC) 1274
040 ## - CATALOGING SOURCE
Original cataloging agency DLC
Transcribing agency DLC
Modifying agency DLC
-- BD-JhCC
041 ## - LANGUAGE CODE
Language code of Book eng
050 00 - LIBRARY OF CONGRESS CALL NUMBER
Classification number LB3051
Item number .H7
082 00 - DEWEY DECIMAL CLASSIFICATION NUMBER
Classification number 371.271
Author mark and Year HOP 1979
100 1# - MAIN ENTRY--PERSONAL NAME
Personal name Hopkins, Charles D.
245 10 - TITLE STATEMENT
Title Classroom Testing :
Remainder of title Administration, Scoring, and Score Interpretation /
Statement of responsibility, etc Charles D. Hopkins; Richard L. Antes.
260 ## - PUBLICATION, DISTRIBUTION, ETC. (IMPRINT)
Place of publication, distribution, etc Itasca, Ill. :
Name of publisher, distributor, etc F. E. Peacock,
Date of publication, distribution, etc c1979.
300 ## - PHYSICAL DESCRIPTION
Pagination x, 158 p. :
Other physical details ill. ;
Dimensions 23 cm.
500 ## - GENERAL NOTE
General note Includes index.
504 ## - BIBLIOGRAPHY, ETC. NOTE
Bibliography, etc Bibliography: p. 153-154.
650 #0 - SUBJECT ADDED ENTRY--TOPICAL TERM
Topical term or geographic name as entry element Examinations.
650 #0 - SUBJECT ADDED ENTRY--TOPICAL TERM
Topical term or geographic name as entry element Examinations
General subdivision Scoring.
650 #0 - SUBJECT ADDED ENTRY--TOPICAL TERM
Topical term or geographic name as entry element Examinations
General subdivision Interpretation.
700 1# - ADDED ENTRY--PERSONAL NAME
Personal name Antes, Richard L.,
942 ## - ADDED ENTRY ELEMENTS (KOHA)
Source of classification or shelving scheme Dewey Decimal Classification
Koha item type Books
Holdings
Source of classification or shelving scheme Damaged status Not for loan Home library Current library Shelving location Date of accession Total Checkouts Full call number Barcode Date last seen Copy number Koha item type
Dewey Decimal Classification     JCC Rouf Library JCC Rouf Library General Stacks 10/17/2017   371.271 HOP 1979 881 10/17/2017 C-1 Books

JCC Library | Contacts | JCC Home

Last Update on 23 September 2017
Copyright @ 2017-2020 JCC Rouf Library
Rouf Library, Jhenidah Cadet College (JCC), Bangladesh